| 000 | 00579nam a2200181 4500 | ||
|---|---|---|---|
| 001 | 118450 | ||
| 003 | ES-MaACL | ||
| 005 | 20240426111132.0 | ||
| 007 | t| | ||
| 008 | 070214s1983 sp r ||||1| spa d | ||
| 100 | 1 |
_aPessoa, Fernando, _d1888-1935 _991451 |
|
| 245 | 1 | 3 |
_aEl banquero anarquista / _cFernando Pessoa ; versión y nota de José Antonio Llardent. |
| 260 |
_aValencia : _bPre-Textos, _c1983. |
||
| 300 |
_a79 p. ; _c19 cm. |
||
| 700 | 1 |
_aLlardent, José Antonio, _d1925-1987 _972723 |
|
| 852 |
_aES-MaACL _jL-4594 _bR.105299 |
||
| 999 |
_c118450 _d118450 |
||